Introducción a la espectrometría de masa de sustancias orgánicas

Bibliographic Details
Main Author: Gottlieb, Otto Richard
Format: Section = Libro
Language:Undetermined
Spanish
Published: Washington OEA 1976
Subjects:
LEADER 00503nam a2200181Ia 4500
008 240830s9999 xx 000 0 und d
040 |a CEDOC FIQ-RUSB / 545.33 G686 
041 |a spa 
082 |a 545.33 G686 
100 1 |a Gottlieb, Otto Richard 
245 1 0 |a Introducción a la espectrometría de masa de sustancias orgánicas 
260 |a Washington  |b OEA  |c 1976 
300 |a 114 p. : il. 
650 7 |a ESPECTROMETRIA DE MASAS 
650 7 |b  MASAS-FISICA 
942 |c BK  |2 ddc 
991 |a TEXTO 
999 |c 13296